| 000 | 00777nam a2200205 a 4500 | ||
|---|---|---|---|
| 005 | 20260322212009.0 | ||
| 008 | data | ||
| 020 | _a9780806837161 | ||
| 099 | _aDVD WC 503 H58 | ||
| 100 | 1 | _aBouldin-Jones, Kim | |
| 245 | 1 | 0 |
_aHIV/AIDS 101 _cKim Bouldin-Jones. |
| 260 |
_aChatsworth, California : _bEarls Productions, Inc. distributed by AIMS Multimedia, _c2003. |
||
| 300 |
_aDVD video 1 videodisc (25 min.) sd., col., _b4 3/4 in. |
||
| 500 | _aParticipants: Teacher: Kim Bouldin-Jones./ Audience: Grades 9-12, adult. | ||
| 520 | _aKim Bouldin-Jones teaches people how HIV is transmitted, detected and treated. Contains practical steps for reducing the risk of transmission. | ||
| 650 | 0 | _aAIDS (Disease) | |
| 650 | 0 | _aHIV (Viruses) | |
| 650 | 0 | _aEducational films | |
| 001 | data | ||
| 999 |
_c179 _d179 |
||